Statistiche per Quiz sulla Corea del Sud

Clicka qui per fare il quiz!

Statistiche generali

  • Questo quiz è stato fatto 999 volte
    (998 dall'ultimo reset)
  • Il punteggio medio è 10 su 20

Statistiche sulle risposte

HintRisposta% Corretto
CapitaleSeoul
97%
Nomi di famiglia più comuniKim
77%
Video rap di Psy su un ricco
quartiere della capitale
Stile {Gangnam}
62%
Seconda area urbana più popolosaBusan
57%
Arte marziale coreana e sport olimpicoTaekwondo
57%
Cavolo coreano fermentatoKimchi
56%
Nomi di famiglia più comuniPark
56%
La più grande societàSamsung
52%
Nomi di famiglia più comuniLee
50%
Valuta della Corea del SudWon
49%
I più grandi produttori di automobiliHyundai
46%
L'isola più grandeJeju
46%
A partire dal 2017, la Corea del Sud è al primo posto
al mondo per la velocità del suo ...
Internet
42%
Lo sport per spettatori più popolareBaseball
40%
Mare a estMar del Giappone /
Mare orientale
39%
Striscia di terra tra la Corea del Sud
e la Corea del Nord
Zona{Demilitarizzata}
39%
Mare a ovestMar Giallo
36%
I più grandi produttori di automobiliKia
34%
Piatto coreano il cui nome
significa "riso misto"
Bibimbap
25%
Messia religioso autoproclamato
morto nel 2012
Sun Myung {Moon}
19%

Distribuzione punteggi

Percentile per numero di risposta

Percentuale di utenti per punteggio

I tuoi punteggi nel tempo

Non hai fatto questo quiz dall'ultimo reset